MARC details
| 000 -CABECERA |
| campo de control de longitud fija |
01869nam a2200313 i 4500 |
| 001 - NÚMERO DE CONTROL |
| campo de control |
6668389 |
| 003 - IDENTIFICADOR DEL NÚMERO DE CONTROL |
| campo de control |
CaAEU |
| 005 - FECHA Y HORA DE LA ÚLTIMA TRANSACCIÓN |
| campo de control |
20250714143108.0 |
| 008 - DATOS DE LONGITUD FIJA--INFORMACIÓN GENERAL |
| campo de control de longitud fija |
140624t20152015enka b 001 0 eng d |
| 020 ## - NÚMERO INTERNACIONAL ESTÁNDAR DEL LIBRO |
| Número Internacional Estándar del Libro |
1292060166 (pbk.) |
| 020 ## - NÚMERO INTERNACIONAL ESTÁNDAR DEL LIBRO |
| Número Internacional Estándar del Libro |
9781292060163 (pbk.) |
| 035 ## - NÚMERO DE CONTROL DEL SISTEMA |
| Número de control de sistema |
ocn882605741 |
| 040 ## - FUENTE DE LA CATALOGACIÓN |
| Centro catalogador/agencia de origen |
CDX |
| Lengua de catalogación |
eng |
| Normas de descripción |
rda |
| Centro/agencia transcriptor |
CDX |
| Centro/agencia modificador |
UV0 |
| -- |
OCLCO |
| -- |
UAB |
| 041 ## - CÓDIGO DE LENGUA |
| Código de lengua del texto/banda sonora o título independiente |
English |
| 050 #4 - SIGNATURA TOPOGRÁFICA DE LA BIBLIOTECA DEL CONGRESO |
| Número de clasificación |
HF5415.2 |
| Número de documento/Ítem |
.M28842 2015 |
| 100 ## - ENTRADA PRINCIPAL--NOMBRE DE PERSONA |
| Nombre de persona |
Malhotra, Naresh |
| Término indicativo de función/relación |
author. |
| 9 (RLIN) |
2313 |
| 245 10 - MENCIÓN DE TÍTULO |
| Título |
Essentials of marketing research |
| Resto del título |
: a hands-on orientation |
| Mención de responsabilidad, etc. |
/ Naresh K. Malhotra (Georgia Institute of Technology). |
| 250 ## - MENCIÓN DE EDICIÓN |
| Mención de edición |
Global edition. |
| 264 #1 - PRODUCCIÓN, PUBLICACIÓN, DISTRIBUCIÓN, FABRICACIÓN Y COPYRIGHT |
| Producción, publicación, distribución, fabricación y copyright |
Harlow, Essex, England : |
| Nombre del de productor, editor, distribuidor, fabricante |
Pearson Education Limited, |
| Fecha de producción, publicación, distribución, fabricación o copyright |
[2015] |
| 264 #4 - PRODUCCIÓN, PUBLICACIÓN, DISTRIBUCIÓN, FABRICACIÓN Y COPYRIGHT |
| Fecha de producción, publicación, distribución, fabricación o copyright |
©2015 |
| 300 ## - DESCRIPCIÓN FÍSICA |
| Extensión |
432 pages : |
| Otras características físicas |
color illustrations ; |
| Dimensiones |
28 cm. |
| 490 1# - MENCIÓN DE SERIE |
| Mención de serie |
Always learning |
| 500 ## - NOTA GENERAL |
| Nota general |
Series title from cover. |
| 500 ## - NOTA GENERAL |
| Nota general |
"Authorized adaptation from the United States edition, entitled Essentials of Marketing Research: a Hands-On Orientation, 1st edition, ISBN 978-0-13-706673-5, by Naresh K. Malhotra, published by Pearson Education ©2015"--Title page verso. |
| 504 ## - NOTA DE BIBLIOGRAFÍA, ETC. |
| Nota de bibliografía, etc. |
Includes bibliographical references and index. |
| 520 ## - SUMARIO, ETC. |
| Sumario, etc. |
Essentials of Marketing Research: A Hands-On Orientation presents a concise overview of marketing research via a do-it-yourself approach that engages students. Building on the foundation of his successful previous titles–Basic Marketing Research: Integration of Social Media and Marketing Research: An Applied Orientation–author Naresh Malhotra covers concepts at an elementary level, deemphasizing statistics and formulas. Sensitive to the needs of today’s undergraduates, Malhotra integrates online and social media content, and provides current, contemporary examples that ground course material in the real world.<br/> |
| 650 #0 - PUNTO DE ACCESO ADICIONAL DE MATERIA--TÉRMINO DE MATERIA |
| Término de materia o nombre geográfico como elemento de entrada |
Marketing research |
| 9 (RLIN) |
1465 |
| 830 #0 - PUNTO DE ACCESO ADICIONAL DE SERIE-TÍTULO UNIFORME |
| Título uniforme |
Always learning. |